<?xml version="1.0" encoding="UTF-8"?>
<record
    xmlns:xsi="http://www.w3.org/2001/XMLSchema-instance"
    xsi:schemaLocation="http://www.loc.gov/MARC21/slim http://www.loc.gov/standards/marcxml/schema/MARC21slim.xsd"
    xmlns="http://www.loc.gov/MARC21/slim">

  <leader>03810cam a22003615i 4500</leader>
  <datafield tag="999" ind1=" " ind2=" ">
    <subfield code="c">28107</subfield>
    <subfield code="d">28078</subfield>
  </datafield>
  <controlfield tag="001">019447790</controlfield>
  <controlfield tag="003">EG-ScBUE</controlfield>
  <controlfield tag="005">20200216104757.0</controlfield>
  <controlfield tag="008">190625t20192019sz a   f b    001 0 eng d</controlfield>
  <datafield tag="020" ind1=" " ind2=" ">
    <subfield code="z">9783030187286</subfield>
  </datafield>
  <datafield tag="040" ind1=" " ind2=" ">
    <subfield code="a">Uk</subfield>
    <subfield code="b">eng</subfield>
    <subfield code="e">rda</subfield>
    <subfield code="c">Uk</subfield>
    <subfield code="d">EG-ScBUE</subfield>
  </datafield>
  <datafield tag="082" ind1="0" ind2="4">
    <subfield code="a">320.014</subfield>
    <subfield code="b">VIS</subfield>
    <subfield code="2">22</subfield>
  </datafield>
  <datafield tag="245" ind1="0" ind2="0">
    <subfield code="a">Visual political communication /</subfield>
    <subfield code="c">edited by Anastasia Veneti, Daniel Jackson, Darren G. Lilleker.</subfield>
  </datafield>
  <datafield tag="264" ind1=" " ind2="1">
    <subfield code="a">Cham, Switzerland :</subfield>
    <subfield code="b">Palgrave Macmillan,</subfield>
    <subfield code="c">[2019]</subfield>
  </datafield>
  <datafield tag="264" ind1=" " ind2="4">
    <subfield code="c">c2019</subfield>
  </datafield>
  <datafield tag="300" ind1=" " ind2=" ">
    <subfield code="a">xxi, 288 pages :</subfield>
    <subfield code="b">illustrations ;</subfield>
    <subfield code="c">24 cm</subfield>
  </datafield>
  <datafield tag="336" ind1=" " ind2=" ">
    <subfield code="a">text</subfield>
    <subfield code="b">txt</subfield>
    <subfield code="2">rdacontent</subfield>
  </datafield>
  <datafield tag="337" ind1=" " ind2=" ">
    <subfield code="a">unmediated</subfield>
    <subfield code="b">n</subfield>
    <subfield code="2">rdamedia</subfield>
  </datafield>
  <datafield tag="338" ind1=" " ind2=" ">
    <subfield code="a">volume</subfield>
    <subfield code="b">nc</subfield>
    <subfield code="2">rdacarrier</subfield>
  </datafield>
  <datafield tag="504" ind1=" " ind2=" ">
    <subfield code="a">Includes bibliographical references and index.</subfield>
  </datafield>
  <datafield tag="505" ind1="0" ind2=" ">
    <subfield code="a">1. Introduction: Visual Political CommunicationDarren G. Lilleker, Anastasia Veneti, Daniel Jackson Part I: Theoretical and Methodological Issues in Visual Political Communication 2. The Digital Transformation of Visual PoliticsPaul Messaris 3. The power of visual political communication: pictorial politics through the lens of communication psychologyDarren G. Lilleker 4. The Interdisciplinary Roots and Digital Branches of Visual Political Communication ResearchRoman Gerodimos 5. Visual Methods for Political Communication Research: Modes and AffordancesLuc Pauwels, University of Antwerp Part II: The Use of Visuals in Political Campaigning 6. From Analogue to Digital Negativity &#x2012; Attacks and Counter-Attacks, Satire and Absurdism on Election Posters Offline and OnlineBengt Johansson, Christina Holtz-Bacha 7. Political parties and their pictures. Visual communication on Instagram in Swedish and Norwegian election campaignsUta Russmann, Jakob Svensson, Anders Olof Larsson 8. Visual Political Communication in Italian electoral campaignsEdoardo Novelli Part III: Visual Governance 9. The Visual Presidency of Donald Trump First Hundred Days: Political Image Making and Digital MediaRyan T. Strand, Dan Schill 10. Greek Political Leaders on Instragram: Between 'soft' and 'hard' personalisation Stamatis Poulakidakos, Iliana Giannouli 11. The political power of smiling. How politicians' displays of happiness affect viewers' gaze behavior and political judgments Michael S&#xFC;lflow, Marcus Maurer Part IV: Citizen-led Forms of Visual Political Communication 12. #MoreInCommon: Collective Mourning Practices on Twitter and the Iconisation of Jo CoxKaty Parry 13. Picturing the political: Embodied visuality of protest imageryBolette B. Blaagaard 14. Connective Politics, Videos and Algorithms: YouTube's Mediation of Audiovisual Political CommunicationAndrea Medrado, Simone do Vale, Adilson Cabral.</subfield>
  </datafield>
  <datafield tag="520" ind1=" " ind2=" ">
    <subfield code="a">"This edited volume offers a theoretically driven, empirically grounded survey of the role visual communication plays in political culture, enabling a better understanding of the significance and impact visuals can have as tools of political communication. The advent of new media technologies have created new ways of producing, disseminating and consuming visual communication, the book hence explores the theoretical and methodological underpinnings of visual political communication in the digital age, and how visual communication is employed in a number of key settings. The book is intended as a specialist reading and teaching resource for courses on media, politics, citizenship, activism, social movements, public policy, and communication."</subfield>
  </datafield>
  <datafield tag="650" ind1=" " ind2="7">
    <subfield code="a">Communication in politics</subfield>
    <subfield code="2">BUEsh</subfield>
  </datafield>
  <datafield tag="650" ind1=" " ind2="7">
    <subfield code="a">Visual communication.</subfield>
    <subfield code="2">BUEsh</subfield>
  </datafield>
  <datafield tag="650" ind1=" " ind2="7">
    <subfield code="a">Political sociology.</subfield>
    <subfield code="2">BUEsh</subfield>
  </datafield>
  <datafield tag="653" ind1=" " ind2=" ">
    <subfield code="b">BUSBOL</subfield>
    <subfield code="c">February2020</subfield>
  </datafield>
  <datafield tag="700" ind1="1" ind2=" ">
    <subfield code="a">Veneti, Anastasia,</subfield>
    <subfield code="e">editor.</subfield>
  </datafield>
  <datafield tag="700" ind1="1" ind2=" ">
    <subfield code="a">Jackson, Daniel,</subfield>
    <subfield code="e">editor.</subfield>
  </datafield>
  <datafield tag="700" ind1="1" ind2=" ">
    <subfield code="a">Lilleker, Darren G.,</subfield>
    <subfield code="e">editor.</subfield>
  </datafield>
  <datafield tag="903" ind1=" " ind2=" ">
    <subfield code="a">ELD.DS.434175</subfield>
  </datafield>
  <datafield tag="942" ind1=" " ind2=" ">
    <subfield code="2">ddc</subfield>
    <subfield code="c">BB</subfield>
  </datafield>
  <datafield tag="952" ind1=" " ind2=" ">
    <subfield code="0">0</subfield>
    <subfield code="1">0</subfield>
    <subfield code="2">ddc</subfield>
    <subfield code="4">0</subfield>
    <subfield code="7">0</subfield>
    <subfield code="8">Alahram</subfield>
    <subfield code="a">MAIN</subfield>
    <subfield code="b">MAIN</subfield>
    <subfield code="c">1ST</subfield>
    <subfield code="d">2020-02-16</subfield>
    <subfield code="e">Purchase</subfield>
    <subfield code="g">675.00</subfield>
    <subfield code="h">487</subfield>
    <subfield code="l">1</subfield>
    <subfield code="m">4</subfield>
    <subfield code="o">320.014 VIS</subfield>
    <subfield code="p">000048635</subfield>
    <subfield code="r">2025-07-15 00:00:00</subfield>
    <subfield code="s">2020-09-16</subfield>
    <subfield code="v">843.75</subfield>
    <subfield code="w">2020-02-16</subfield>
    <subfield code="y">BB</subfield>
  </datafield>
</record>
